[Event "Krefeld Christmas op"]
[Site "Krefeld"]
[Date "2024.12.29"]
[Round "5"]
[White "Pohlmann, Marco Ernst"]
[Black "Steiz, Johann"]
[Result "1-0"]
[WhiteElo "1641"]
[BlackElo "1774"]
[PlyCount "39"]
[EventDate "2024.12.27"]
[EventType "swiss"]
[EventRounds "7"]
[EventCountry "GER"]
[SourceTitle "CB01_2025"]
[SourceDate "2025.01.01"]
[SourceVersion "1"]
[SourceVersionDate "2025.01.01"]
[SourceQuality "1"]

1. e4 e6 2. d4 d5 3. exd5 exd5 4. Nf3 Bd6 5. Nc3 Nf6 6. Bg5 Be6 7. Bd3 Nbd7 8. Qe2 c6 9. Bf5 Qe7 10. Bxe6 fxe6 11. Ne5 0-0-0 12. Na4 h6 13. Ng6 Qe8 14. Bxf6 Nxf6 15. Nxh8 Kd7 16. Nc5+ Bxc5 17. dxc5 Qxh8 18. 0-0-0 Qf8 19. b4 Ne4 20. Qxe4 1-0